000 01021nam a2200277 i 4500
001 176019
003 ES-MaACL
005 20250830062807.0
007 t|
008 101210s1964 sp ||||1| spa d
080 _a2-12
080 _a2 Tomás de Aquino, Santo
100 1 _aLafont, Ghislain.
_9144243
245 1 0 _aEstructuras y método en la Suma Teológica de Santo Tomás de Aquino /
_cGhislain Lafont ; traducción, prólogo y notas de Nicolás López Martínez.
260 _aMadrid :
_bRialp,
_c1964.
300 _aXXVI, 542 p. ;
_c23 cm.
490 1 _aBiblioteca de Teología ;
_v2
500 _aÍndice.
594 _aTít. original: Structures et méthode dans la Somme Théologique de Saint Thomas d'Aquin.
600 0 4 _aTomás de Aquino,
_cSanto
_9110514
650 0 7 _aTeología
_2embne
_917457
700 1 _aLópez Martínez, Nicolás,
_d1925-2006
_973762
830 0 0 _aBiblioteca de teología
_v2
_9183765
852 _aES-MaACL
_jE-13751
_xOlim P-316-Ter
999 _c176019
_d176019